000 01430naa a22003017a 4500
001 BR9506426
003 BR-BrBNA
005 20240918181335.0
007 ta
008 230509b bl.||||| |||| 00| 0 por d
040 _aBR-BrBNA
_bpor
_cBiblioteca Nacional de Agricultura
041 _a(Pt)
072 _aP10
090 _aP10 BR9506426
100 1 _aCourcier, R.
100 1 _aSabourin, E.
111 1 _aConferencia Internacional sobre Impactos de Variacoes Climaticas e Desenvolvimento Sustentavel em Regioes Semi-Aridas
_cFortaleza, CE (Brazil)
_d27 Jan - 1 Feb 1992
245 1 _aManejo de aguas superficiais para a pequena agricultura do tropico semi-arido no nordeste brasileiro
260 3 _aFortaleza, CE (Brasil):
_c1992.
500 _aMagalhaes, A.R.(Coord.) Anais da Conferencia Internacional sobre Impactos de Variacoes Climaticas e Desenvolvimento Sustentavel em Regioes Semi-Aridas Fortaleza, CE (Brasil): 1992. v. 8 p. 2605-2623 (BR9506426-AM)P10
650 _aAguas Superficiais
650 _aAcude
650 _aManejo
650 _aRegiao Nordeste
773 0 _tAnais da Conferencia Internacional sobre Impactos de Variacoes Climaticas e Desenvolvimento Sustentavel em Regioes Semi-Aridas
_aMagalhaes, A.R.(Coord.). Governo do Estado do Ceara, Fortaleza (Brasil)
_wP10 BR9506426
_gFortaleza, CE (Brasil), 1992. v. 8 p. 2605-2623
909 _a202404
_bLucia
_c55
_dLucia Elande
942 _cAM
_2AGRIS
999 _c324834
_d324834